Human communication / (Record no. 9675)
[ view plain ]
| 000 -LEADER | |
|---|---|
| fixed length control field | 01207nam a22002177a 4500 |
| 005 - DATE AND TIME OF LATEST TRANSACTION | |
| control field | 20230614115414.0 |
| 008 - FIXED-LENGTH DATA ELEMENTS--GENERAL INFORMATION | |
| fixed length control field | 230614b ||||| |||| 00| 0 eng d |
| 020 ## - INTERNATIONAL STANDARD BOOK NUMBER | |
| International Standard Book Number | 97800713189501 |
| 050 ## - LIBRARY OF CONGRESS CALL NUMBER | |
| Classification number | P90.H745(5e) |
| 100 ## - MAIN ENTRY--PERSONAL NAME | |
| Personal name | Pearson, Judy C. |
| 9 (RLIN) | 1049 |
| 245 ## - TITLE STATEMENT | |
| Title | Human communication / |
| Statement of responsibility, etc. | Judy C. Pearson ... [et at.] |
| 250 ## - EDITION STATEMENT | |
| Edition statement | 5th ed. |
| 260 ## - PUBLICATION, DISTRIBUTION, ETC. | |
| Place of publication, distribution, etc. | New York : |
| Name of publisher, distributor, etc. | McGraw-Hill Connect Learn Suceed, |
| Date of publication, distribution, etc. | 2013. |
| 300 ## - PHYSICAL DESCRIPTION | |
| Extent | xxv, 388 p. : |
| Other physical details | col. ill. ; |
| Dimensions | 25 cm. |
| 500 ## - GENERAL NOTE | |
| General note | Include index. |
| 505 ## - FORMATTED CONTENTS NOTE | |
| Formatted contents note | Contents: Part 1: Fundamentals of communication studies: Introduction to human communication -- Perception, self, and communication -- Language and meaning -- Nonverbal communication -- Listening and critical thinking -- Part 2: Communication contexts: Interpersonal communication -- Intercultural communication -- Small-group communication -- Workplace communication -- Part 3: Topic selection and audience analysis -- Being credible and using evidence -- Organizing your presentation -- Delivery and visual resources -- Informative presentations -- Persuasive presentations. |
| 700 ## - ADDED ENTRY--PERSONAL NAME | |
| Personal name | Nelson, Paul. |
| 9 (RLIN) | 1627 |
| 700 ## - ADDED ENTRY--PERSONAL NAME | |
| Personal name | Titsworth, Scott. |
| 9 (RLIN) | 1628 |
| 700 ## - ADDED ENTRY--PERSONAL NAME | |
| Personal name | Harter, Lynn. |
| 9 (RLIN) | 1629 |
| 942 ## - ADDED ENTRY ELEMENTS (KOHA) | |
| Source of classification or shelving scheme | Library of Congress Classification |
| Koha item type | Books |
| Withdrawn status | Lost status | Source of classification or shelving scheme | Damaged status | Not for loan | Home library | Current library | Shelving location | Date acquired | Total Checkouts | Full call number | Barcode | Date last seen | Copy number | Price effective from | Koha item type |
|---|---|---|---|---|---|---|---|---|---|---|---|---|---|---|---|
| Library of Congress Classification | WISCONSIN INTERNATIONAL UNIVERSITY COLLEGE, GHANA - MAIN LIBRARY | WISCONSIN INTERNATIONAL UNIVERSITY COLLEGE, GHANA - MAIN LIBRARY | Reference | 14/06/2023 | P90.H745(5e) | 9365/066/23 | 14/06/2023 | 1 | 14/06/2023 | Books | |||||
| Library of Congress Classification | WISCONSIN INTERNATIONAL UNIVERSITY COLLEGE, GHANA - MAIN LIBRARY | WISCONSIN INTERNATIONAL UNIVERSITY COLLEGE, GHANA - MAIN LIBRARY | Reference | 14/06/2023 | P90.H7451(5e) | 9366/067/23 | 14/06/2023 | 2 | 14/06/2023 | Books | |||||
| Library of Congress Classification | WISCONSIN INTERNATIONAL UNIVERSITY COLLEGE, GHANA - MAIN LIBRARY | WISCONSIN INTERNATIONAL UNIVERSITY COLLEGE, GHANA - MAIN LIBRARY | Reference | 14/06/2023 | P90.H7452(5e) | 9367/068/23 | 14/06/2023 | 3 | 14/06/2023 | Books | |||||
| Library of Congress Classification | WISCONSIN INTERNATIONAL UNIVERSITY COLLEGE, GHANA - MAIN LIBRARY | WISCONSIN INTERNATIONAL UNIVERSITY COLLEGE, GHANA - MAIN LIBRARY | Reference | 14/06/2023 | P90.H7453(5e) | 9368/069/23 | 14/06/2023 | 4 | 14/06/2023 | Books |
